| 000 | 00708nam a2200217 u 4500 | ||
|---|---|---|---|
| 005 | 20240920064037.0 | ||
| 008 | 151026s1997 r 000 0 eng d | ||
| 020 | _a9682996317 | ||
| 035 | _aUPN01000206329 | ||
| 049 | _aLTG | ||
| 050 | 4 |
_aLB1633 _bM6.1 1997 GE |
|
| 245 | 0 | 0 |
_aGuía de estudio : _bEspañol : primer grado / _ccoord. Araceli Begoña Martínez. |
| 260 |
_aMéxico : _bSEP : _bINEA, _c1997. |
||
| 300 |
_a181 p. : _bcuadros |
||
| 650 | 4 |
_aEspañol _xEstudio y enseñanza (Secundaria) _97237 |
|
| 650 | 4 |
_aEducación de adultos _zMéxico _95673 |
|
| 650 | 4 |
_aEducación abierta _zMéxico _97898 |
|
| 700 | 1 |
_aBegoña Martínez, Araceli, _ecoord. _940397 |
|
| 905 | _aLibro | ||
| 999 |
_c178430 _d178430 |
||